| 000 | 01156nam0a22002891 4500 | ||
|---|---|---|---|
| 001 | rc\2343515 | ||
| 005 | 20110829151318.5 | ||
| 035 | _a(NLR Aleph) 006679766 | ||
| 090 |
_a5069516 _c5069516 |
||
| 100 | _a20110829d1977 |||y0rusy50 ca | ||
| 101 | 0 | _arus | |
| 102 | _aRU | ||
| 105 | _ay z ||||| | ||
| 200 | 1 |
_aДиспансеризация и реабилитация больных хроническими неспецифическими заболеваниями легких _fН.П. Чернобровый, А.С. Бориско |
|
| 210 |
_aКиев _cЗдоров'я _d1977 |
||
| 215 |
_a72 с. _d20 |
||
| 225 | 1 | _aБиблиотека передового опыта | |
| 320 | _aСписок лит.: с. 70-71 | ||
| 606 |
_aЛегочные болезни, хронические _xРеабилитация больных _2rkp |
||
| 700 | 1 |
_aЧернобровый _bН. П. _gНиколай Петрович |
|
| 701 | 1 |
_aБориско _bА. С. _gАлексей Семенович |
|
| 801 | 0 |
_aRU _bNLR _gpsbo |
|
| 801 | 1 |
_aRU _bELAR _2rusmarc |
|
| 852 |
_aNLR _j77-4/25815 |
||
| 899 |
_aRuMoRGB _jБ 77-56/333 |
||
| 942 | _cBOOK | ||
| 980 | _aNB | ||